000 00551nam a2200193 a 4500
003 BD-DhJNU
005 20251015041606.0
008 240417b ||||| |||| 00| 0 eng d
020 _a9781447266921
040 _aBD-DhJNU
_bENG
_cBD-DhJNU
_dBD-DhJNU
082 _223
_a940.54 HAH
100 _aHart, B. H. Liddell
245 _aA history of the Second World War /
_cB. H. Liddell Hart
260 _aLondon :
_bPan Books,
_c2014.
300 _axix, 972 p. :
_bill. ;
_c21 cm.
650 _aWorld War II
650 _aMilitary history
942 _cBK
_2ddc
999 _c2269
_d2269